Normal view
MARC view
- Instruments materials
Entry Topical Term
001 - CONTROL NUMBER
- control field: 101857
003 - CONTROL NUMBER IDENTIFIER
- control field: NUST
005 - DATE AND TIME OF LATEST TRANSACTION
- control field: 20221031105336.0
008 - FIXED-LENGTH DATA ELEMENTS
- fixed length control field: 221031|| aca||aabn | a|a d
040 ## - CATALOGING SOURCE
- Original cataloging agency: NUST
- Transcribing agency: NUST
150 ## - HEADING--TOPICAL TERM
- Topical term or geographic name entry element: Instruments materials
670 ## - SOURCE DATA FOUND
- Source citation: Work cat.: (NUST)180763: Dover, A. T. 41356, Circuits, instruments materials Vol. 2 /, 1956
